Рынок труда: учебное пособие для вузов

Bibliographic Details
Main Author: Вукович Г. Г. Галина Григорьевна
Other Authors: Гелета И. В. Игорь Викторович
Summary:Предлагаемое учебное пособие содержит теоретические и практические материалы, раскрывающие основы формирования и функционирования рынка труда, современные проблемы занятости населения и безработицы. Адресуется студентам, аспирантам, преподавателям и широкому кругу интересующихся данной проблематикой.
Language:Russian
Published: Ростов-на-Дону, Феникс, 2013
Series:Высшее образование
Subjects:
Format: Book
KOHA link:https://koha.lib.tpu.ru/cgi-bin/koha/opac-detail.pl?biblionumber=240765

MARC

LEADER 00000nam0a2200000 4500
001 240765
005 20231101231750.0
010 |a 9785222210512 
035 |a (RuTPU)RU\TPU\book\262024 
090 |a 240765 
100 |a 20130625d2013 m y0rusy50 ca 
101 0 |a rus 
102 |a RU 
105 |a a j 001zy 
200 1 |a Рынок труда  |e учебное пособие для вузов  |f Г. Г. Вукович, И. В. Гелета 
210 |a Ростов-на-Дону  |c Феникс  |d 2013 
215 |a 240 с.  |c ил. 
225 1 |a Высшее образование 
320 |a Библиогр.: с. 233-237. 
330 |a Предлагаемое учебное пособие содержит теоретические и практические материалы, раскрывающие основы формирования и функционирования рынка труда, современные проблемы занятости населения и безработицы. Адресуется студентам, аспирантам, преподавателям и широкому кругу интересующихся данной проблематикой. 
606 1 |a Рынок труда  |y Россия  |2 stltpush  |3 (RuTPU)RU\TPU\subj\36886  |9 58098 
610 1 |a труд 
610 1 |a модели 
610 1 |a теория 
610 1 |a спрос 
610 1 |a предложение 
610 1 |a гибкость 
610 1 |a мобильность 
610 1 |a дискриминация 
610 1 |a занятость 
610 1 |a государственная политика 
610 1 |a безработица 
610 1 |a анализ 
610 1 |a моделирование 
610 1 |a учебные пособия 
686 |a У9(2)240я73  |v LBC/SL-A  |2 rubbk 
700 1 |a Вукович  |b Г. Г.  |g Галина Григорьевна 
701 1 |a Гелета  |b И. В.  |g Игорь Викторович 
801 1 |a RU  |b 63413507  |c 20130625 
801 2 |a RU  |b 63413507  |c 20150519  |g RCR 
942 |c BK 
959 |a 104/20130625  |d 2  |e 228,20  |f ЧЗГЛ:1  |f АНЛ:1